00618nam a2200133Ia 4500008004100000100002700041245009600068245016500164260005300329260001800382300000800400650001500408856006100423170221s9999 xx 000 0 und d aVladimir A. Mishchenko aFeatures of Structural and Functional Model of Students’ Professional Mobility Formation  cVladimir A. Mishchenko, Natalya V. Кharina, Anna V. Molokova, Irina L. Belenok, Aleksandr A. Nikitin, Olga A. Nikitina, Valery F. Glushkov, Nadezhda V. Silkina bInternational Review of Management and Marketing cDecember 2014 a6:2 xMarketing. uhttp://www.econjournals.com/index.php/irmm/issue/view/64